[Event "68th RUS-ch Women Superfinal 2018"]
[Site "Satka"]
[Date "2018.09.05"]
[Round "11"]
[White "Goryachkina, Aleksandra"]
[Black "Gunina, Valentina"]
[Result "0-1"]
[WhiteElo "2535"]
[BlackElo "2528"]
[Annotator "TA"]
[PlyCount "112"]
[EventDate "2018.08.25"]
[EventType "tourn"]
[EventCountry "RUS"]
[SourceTitle "playchess.com"]
[Source "ChessBase"]
[SourceQuality "1"]

{[%evp 14,112,11,7,8,8,14,10,3,0,27,17,33,25,32,29,33,18,20,2,6,19,5,22,11,22,22,0,-12,-11,5,12,0,4,11,-20,0,0,0,0,0,0,0,0,0,0,0,0,0,-58,0,0,0,0,0,5,72,0,0,0,0,0,0,0,0,0,0,-8,-8,-18,-16,-122,-112,-107,-120,-569,-552,-723,-208,-493,-471,-1233,-1061,-897,-634,-2357,-1974,-2841,-2960,-6170,-5712,-6079,-5306,-29989,-29990,-29990,-29991,-29991,-29990,-29995,-29996]} 1. e4 c6 2. d4 d5 3. exd5 cxd5 4. Bd3 Nc6 5. c3 Nf6 6. h3 g6 7. Nf3 {B13: Caro-Kann: Exchange Variation and Panov-Botvinnik Attack} Bf5 8. Be2 {LiveBook: 4 Games} Qc7 9. O-O {The position is equal.} Bg7 10. Be3 (10. Re1 O-O 11. Nbd2 Rfe8 12. Nf1 Rad8 13. Ng3 Ne4 14. Nxf5 gxf5 {1-0 (59) So,W (2780)-Mamedyarov,S (2801) Saint Louis 2018}) 10... O-O 11. Nbd2 $146 ({Predecessor:} 11. Re1 Rab8 12. Qc1 Rbc8 13. Na3 a6 14. Nc2 b5 {½-½ (31) Lahav,M (2213)-Cvitan,E (2165) Heraklio 2017}) 11... Rab8 12. a4 Rbe8 13. Rc1 h6 14. b4 Rc8 15. Re1 Rfd8 16. b5 Na5 17. g4 Be6 18. Bd3 Nc4 19. Nxc4 dxc4 20. Bf1 h5 21. Ne5 hxg4 22. hxg4 Nd7 23. Nxd7 $1 Qxd7 24. f3 a6 25. bxa6 bxa6 26. Bf4 Rc6 27. Rb1 Bd5 {[#] White must now prevent ...Rf6.} 28. Bg2 a5 29. Be5 Ra6 30. Bxg7 Kxg7 31. f4 ({White should try} 31. Rb5 $11) 31... Bxg2 ({Black should play} 31... Rf6 $15 32. Rf1 Bxg2 33. Kxg2 Re6) 32. Kxg2 $11 Rf6 33. Kg3 Rh8 34. Re5 Qd6 (34... Qd8 $11) 35. Qf3 (35. Qe2 $16) 35... Qa3 36. Rbe1 Qb2 {[%csl Gh8][%cal Rb2h2] [#]} 37. R1e2 Qb1 $40 {[%mdl 128] Black mounts an attack.} 38. Re1 Qc2 {[%csl Gh8][%cal Rc2h2]} 39. R5e2 Qxa4 {aiming for ...g5!} 40. g5 Rf5 $1 {Hoping for ...Rh5.} 41. Rxe7 Rh5 {And now ...Qc2 would win.} 42. Qe3 (42. Qe4 $11 {remains equal.} Qa3 43. Kg4) 42... Qc2 $17 {( -> ...Qh2+)} 43. Re2 Qb1 {Threatens to win with ...Qh1.} 44. Re1 $2 {[%mdl 8192]} (44. Rh2 $17) 44... Qb8 $19 45. Kg2 Qa8+ $2 (45... Qh8 {Strongly threatening ...Rh2+.} 46. Qg3 Rh4) 46. Re4 $2 (46. d5 Qxd5+ 47. Kg3) 46... a4 {[%cal Ba5a4,Ba4a3,Ba3a2][%mdl 32]} 47. Kg1 (47. Qf3 $142 a3 48. R4e3 Rhxg5+ 49. fxg5 Rxf3 50. Rxf3) 47... a3 48. d5 Rxd5 49. Qb6 {intending Qf6+.} Rf5 50. Qd4+ Kh7 51. Ra1 a2 52. Qxc4 Qb7 53. Qd4 Qb2 {Black mates.} 54. c4 Qh2+ 55. Kf1 Rhxg5 56. c5 Rg2 {Precision: White = 44%, Black = 63%.} 0-1

[Event "68th RUS-ch Women Superfinal 2018"]
[Site "Satka"]
[Date "2018.09.05"]
[Round "11"]
[White "Pogonina, Natalija"]
[Black "Kashlinskaya, Alina"]
[Result "1/2-1/2"]
[WhiteElo "2469"]
[BlackElo "2440"]
[Annotator "TA"]
[PlyCount "109"]
[EventDate "2018.08.25"]
[EventType "tourn"]
[EventCountry "RUS"]
[SourceTitle "playchess.com"]
[Source "ChessBase"]
[SourceQuality "1"]

{[%evp 20,109,12,9,17,10,21,25,31,32,42,35,54,33,63,46,62,44,52,66,81,61,100,93,113,112,113,114,114,106,118,108,155,158,235,225,224,224,224,224,224,224,199,213,215,197,240,250,227,174,224,219,219,219,204,145,145,138,145,145,159,54,131,0,146,15,15,15,15,15,15,15,15,8,8,8,8,8,223,291,299,8,8,8,8,8,8,8,8,8,8,306]} 1. d4 Nf6 2. c4 g6 3. Nf3 Bg7 4. e3 O-O 5. Be2 d6 6. O-O Nbd7 7. Nc3 e5 8. Qc2 Re8 9. dxe5 dxe5 10. e4 {E61: Königsindisch (Abweichungen der Hauptvariante)} c6 11. Rd1 {LiveBook: 5 Partien} Qc7 12. h3 Nc5 13. Be3 Ne6 14. c5 Nd7 $146 ({Vorgänger:} 14... Nh5 15. Bf1 Nef4 16. Kh2 Ne6 17. Kg1 Nef4 18. Kh2 Ne6 {½-½ (18) Hando,V (2318)-Herpai,J (2213) Hungary 2012}) 15. Na4 b5 16. cxb6 $1 axb6 17. b4 b5 18. Nc3 $36 {[%mdl 2048] Weiss kämpft um Vorteil.} Ndf8 19. a4 Bd7 20. Rac1 {[%cal Ra4b5]} (20. axb5 {with more complications.} cxb5 21. Qd2 Qb7 22. Ra5 Nc7 23. Rda1) 20... bxa4 21. Nxa4 Nd4 22. Nxd4 exd4 23. Bxd4 Bxd4 24. Rxd4 Ne6 25. Rdd1 Nf4 {Und weiter mit ...Txa4! wäre nett.} 26. Bf1 $1 Re5 {[#]} (26... Be6 $16 {kämpft weiter.} 27. Nc5 Qe5 28. Nxe6 Rxe6) 27. Rxd7 $1 {[%mdl 512]} Qxd7 28. Nb6 Qd8 29. Nxa8 Qxa8 30. Qxc6 Qxc6 31. Rxc6 Rxe4 $18 {[%mdl 4096] Endspiel KTL-KTS} 32. Bc4 Ne2+ 33. Kh2 Nd4 34. Rc7 {zielt auf b5 ab.} Rf4 35. f3 Rf6 36. b5 Rb6 37. Rxf7 Kh8 38. g4 Nxb5 39. g5 {Weiss droht Tf8+ und Matt.} h6 40. Rf8+ ({Viel schwächer ist} 40. gxh6 Nd6 $16) (40. Bxb5 $1 $16 Rxb5 41. gxh6) 40... Kg7 (40... Kh7 $14) 41. Rf7+ Kh8 {[#]} 42. Rf6 (42. Bxb5 $1 $16 Rxb5 43. gxh6) 42... Rxf6 $1 $11 43. gxf6 {KL-KS} Nd6 44. Bd3 g5 $1 45. Kg3 Kg8 $1 46. Bg6 Nc4 $1 47. f4 gxf4+ 48. Kxf4 {Droht Kf5 und aus.} Nb6 $1 49. Kf5 Nd5 {[#]} 50. f7+ $2 (50. Bh5 $1 $18) 50... Kg7 {Und ...Se7+ würde nun gewinnen.Die Stellung ist ausgeglichen.} 51. Bh5 Ne7+ 52. Ke6 Nc6 53. Kd6 Nd8 54. Ke7 Nxf7 $1 55. Bxf7 {[%mdl 32768] Precision: Weiß = 61%, Schwarz = 59%. . An unexpected result.} 1/2-1/2

[Event "68th RUS-ch Women Superfinal 2018"]
[Site "Satka"]
[Date "2018.09.05"]
[Round "11"]
[White "Girya, Olga"]
[Black "Bodnaruk, Anastasia"]
[Result "1/2-1/2"]
[WhiteElo "2462"]
[BlackElo "2449"]
[Annotator "TA"]
[PlyCount "60"]
[EventDate "2018.08.25"]
[EventType "tourn"]
[EventCountry "RUS"]
[SourceTitle "playchess.com"]
[Source "ChessBase"]
[SourceQuality "1"]

{[%evp 23,60,3,8,-11,0,0,0,0,0,0,0,0,0,0,4,4,4,0,0,0,9,4,4,4,4,4,4,4,4,4,4,4,4,0,4,0,4,0,5]} 1. d4 Nf6 2. c4 g6 3. Nf3 Bg7 4. g3 c6 5. Bg2 d5 6. O-O O-O 7. cxd5 cxd5 8. Ne5 Ng4 9. Nxg4 Bxg4 10. Nc3 Nc6 11. h3 Bd7 {D79: Fianchetto Grünfeld: Symmetrical Variation (6 0-0 c6 7 cxd5 cxd5)} (11... Be6 12. e4 Nxd4 13. exd5 Bd7 14. Bg5 Nf5 15. g4 Nd6 16. Re1 Re8 17. Rc1 Rc8 18. Ne4 Qa5 19. Rxc8 Rxc8 {½-½ (34) Grachev,B (2669)-Svidler,P (2743) Kazan 2014}) 12. Nxd5 Nxd4 {LiveBook: 8 Games. The position is equal.} 13. e3 Bc6 {[#]} 14. Nxe7+ $1 {[%mdl 512]} Qxe7 15. exd4 Bxg2 16. Kxg2 Qe4+ 17. Qf3 Qxf3+ 18. Kxf3 Bxd4 19. Rd1 Rfd8 20. Be3 $146 Bxe3 21. Kxe3 f5 22. Rxd8+ Rxd8 $11 {[%mdl 4096] Endgame KR-KR} 23. Rc1 Rd7 24. h4 Kf7 25. Rc8 Kf6 26. Rf8+ Ke5 27. Re8+ Kf6 28. Rf8+ Ke5 29. Re8+ Kf6 30. Rf8+ Ke5 1/2-1/2

[Event "68th RUS-ch Women Superfinal 2018"]
[Site "Satka"]
[Date "2018.09.05"]
[Round "11"]
[White "Protopopova, Anastasiya"]
[Black "Galliamova, Alisa"]
[Result "0-1"]
[WhiteElo "2332"]
[BlackElo "2424"]
[Annotator "TA"]
[PlyCount "64"]
[EventDate "2018.08.25"]
[EventType "tourn"]
[EventCountry "RUS"]
[SourceTitle "playchess.com"]
[Source "ChessBase"]
[SourceQuality "1"]

{[%evp 14,64,42,33,80,72,97,65,81,66,85,56,65,50,55,10,14,0,0,-173,0,-136,-122,-144,-145,-186,-192,-273,-256,-572,-557,-565,-568,-568,-561,-546,-540,-29976,-29977,-29977,-29978,-29978,-29979,-29979,-29980,-29980,-29981,-29980,-29981,-29981,-29982,-29980,-29978]} 1. d4 Nf6 2. c4 e6 3. g3 d5 4. Nf3 Bb4+ 5. Bd2 Bd6 (5... Be7 6. Bg2 O-O 7. O-O Nbd7 8. b4 c6 9. a4 Bd6 10. Qc2 e5 11. cxd5 cxd5 12. dxe5 Nxe5 13. Bc3 Re8 14. Nbd2 Nxf3+ 15. Bxf3 Bh3 {½-½ (58) So,W (2778)-Karjakin,S (2782) Stavanger 2018}) 6. Nc3 {E01: Catalan: Early deviations} c6 7. Qc2 O-O 8. e4 {[%cal Be2e4,Be4e5][%mdl 32] LiveBook: 6 Games. White is slightly better.} Be7 9. e5 Nfd7 10. cxd5 $146 ({Predecessor:} 10. Bd3 h6 11. h4 f5 12. exf6 Rxf6 {1-0 (68) Karthik,K (2281)-Djordjevic,V (2399) Veliko Gradiste 2018}) 10... cxd5 11. Bd3 h6 12. h4 Nc6 13. Ne2 Bb4 14. Bh7+ Kh8 15. Ng5 {Strongly threatening Bg8!} Bxd2+ 16. Kxd2 $2 {[#]} (16. Qxd2 $11 hxg5 17. hxg5) 16... Qe7 $2 ({Not} 16... hxg5 17. hxg5 Qa5+ 18. Ke3 $16) ({Black should try} 16... Qb6 $1 $19 17. Rad1 Nxd4 18. Nxd4 Qxd4+ 19. Kc1 Qc5 20. Qxc5 Nxc5) 17. Ke3 (17. Bd3 $11) 17... Ndxe5 (17... hxg5 18. hxg5 g6 19. Bxg6+ Kg8 20. Nf4 $11) 18. dxe5 Nxe5 19. f4 {[#]} Ng4+ $1 ({Don't play} 19... Nc4+ 20. Kf2 $15) 20. Kf3 (20. Kd2 {keeps fighting.}) 20... e5 $19 {Hoping for ...f6.} 21. fxe5 $2 (21. Nc3 {is tougher.} Qd7 22. Rac1) 21... f6 (21... hxg5 22. hxg5 g6 23. Bxg6+ Kg7 24. Bf5 $16 (24. Rh7+ Kg8 $11)) 22. Nf4 {[%cal Rf4g6]} fxg5 23. hxg5 Qxg5 24. Rae1 Nxe5+ 25. Kf2 Rxf4+ {Black mates.} 26. gxf4 Qxf4+ 27. Kg2 Qf3+ 28. Kh2 Qh3+ 29. Kg1 Qg3+ 30. Kf1 Bh3+ 31. Ke2 Bg4+ 32. Kd2 Qf4+ {Precision: White = 38%, Black = 82%.} 0-1

[Event "68th RUS-ch Women Superfinal 2018"]
[Site "Satka"]
[Date "2018.09.05"]
[Round "11"]
[White "Tomilova, Elena"]
[Black "Shuvalova, Polina"]
[Result "0-1"]
[WhiteElo "2332"]
[BlackElo "2413"]
[Annotator "TA"]
[PlyCount "92"]
[EventDate "2018.08.25"]
[EventType "tourn"]
[EventCountry "RUS"]
[SourceTitle "playchess.com"]
[Source "ChessBase"]
[SourceQuality "1"]

{[%evp 25,92,15,24,24,20,9,29,-37,7,-32,-2,-64,-11,-16,0,-37,0,-35,-34,-37,-29,-33,0,-6,-6,-1,0,0,0,-2,0,-13,8,0,38,0,52,0,0,-72,-65,-74,-50,-172,-168,-189,-190,-203,-186,-186,-183,-187,-185,-187,-186,-422,-432,-485,-471,-396,-337,-398,-390,-576,-565,-543,-527,-521,-518]} 1. d4 Nf6 2. Nf3 e6 3. Bf4 c5 4. e3 cxd4 5. exd4 b6 6. c3 Be7 7. h3 O-O 8. a4 Bb7 9. Bd3 d6 10. O-O Nbd7 11. Nbd2 Qc7 12. Re1 Rfe8 13. Bh2 {A47: 1 d4 Nf6 2 Nf3 b6: Torre, London and Colle Systems} a6 {LiveBook: 19 Games} (13... Bc6 14. Qe2 Rab8 15. Nc4 Bf8 16. Na3 Rbd8 17. Bb5 Nb8 18. Nc2 {½-½ (37) Wagner,D (2571)-Moiseenko,A (2677) Minsk 2017}) 14. Rc1 Bc6 $146 ({Predecessor:} 14... Bf8 15. Nc4 Bc6 16. Nfd2 {½-½ (55) Maes,V (2118)-Lai,H (2334) Netherlands 2016}) 15. b4 {The position is equal.} b5 16. a5 (16. c4 $11) 16... Qb7 17. Qb3 h6 18. Rb1 (18. c4 $11) 18... Bf8 (18... Bd5 $15 19. Qa3 Rec8) 19. c4 $11 bxc4 20. Bxc4 Ne4 21. Bf1 Rec8 22. Qe3 {[%cal Rd2e4]} Nxd2 23. Nxd2 Bb5 24. Ne4 Bxf1 25. Rxf1 Qd5 26. Nc3 Qc6 27. Rfc1 Rab8 {[%cal Ba8b8,Bb8b4,Bb4d4][%mdl 32]} 28. Bg3 Qc4 29. Ne2 Qa2 30. Nc3 Qa3 (30... Qc4 $11) 31. Kh2 (31. b5 $1 $14) 31... Rxb4 32. Ne4 (32. Ra1 $1 $11 {keeps the balance.} Qb3 33. Rab1) 32... Rxc1 $17 33. Qxa3 Rcxb1 34. Bxd6 (34. Qc3 $15) 34... Rxd4 $19 35. Bxf8 Nxf8 36. Nc5 Rb5 37. Nxa6 Rdd5 38. Nc7 Rxa5 39. Qb4 Rf5 40. Ne8 $2 {[#]} (40. Qb2) 40... Ra8 41. Nc7 Ra2 42. f4 Rf2 43. Qc3 {[#] aiming for Ne8.} R2xf4 44. Qd2 (44. Ne8 {is a better defense.} Rg5 45. Qd2) 44... Rf2 {Black is clearly winning.} 45. Qd4 Rc2 46. Ne8 {[%csl Ge8][%cal Rd4g7]} Rg5 {Precision: White = 25%, Black = 55%.} 0-1

[Event "68th RUS-ch Women Superfinal 2018"]
[Site "Satka"]
[Date "2018.09.05"]
[Round "12"]
[White "Pogonina, Natalija"]
[Black "Girya, Olga"]
[Result "1-0"]
[WhiteElo "2433"]
[BlackElo "2455"]
[Annotator "TA"]
[PlyCount "77"]
[EventDate "2018.08.25"]
[EventType "tourn"]
[EventCountry "RUS"]
[SourceTitle "playchess.com"]
[Source "ChessBase"]
[SourceQuality "1"]

{[%evp 14,77,17,8,17,17,17,17,17,17,17,20,13,19,18,16,14,8,8,7,12,14,8,5,6,7,8,6,7,7,12,5,12,4,8,0,0,0,0,0,29,0,83,19,72,53,80,76,31,2,12,12,164,93,197,186,198,142,196,194,700,691,660,627,831,812]} 1. d4 Nf6 2. c4 e6 3. g3 d5 4. Bg2 Bb4+ 5. Nd2 O-O 6. Ngf3 b6 7. O-O Bb7 8. b3 {LiveBook: 44 Games. E16: Queen's Indian: 4 g3 Bb7 5 Bg2 Bb4+} Bc3 (8... c5 9. Bb2 Nbd7 10. a3 Bxd2 11. Nxd2 cxd4 12. Bxd4 Rc8 13. b4 Qe7 14. Rc1 Rfd8 15. Qb3 dxc4 16. Nxc4 Bxg2 17. Kxg2 {0-1 (55) Ding,L (2777)-Carlsen,M (2837) Riadh 2017}) 9. Ba3 $146 ({Predecessor:} 9. Rb1 c5 10. Ba3 Ne4 11. dxc5 Bxd2 12. c6 Nxc6 13. Bxf8 Qxf8 14. Nxd2 Nc3 15. Qc2 Nxb1 16. Qxb1 {½-½ (100) Ladva,O (2501)-Meier,G (2654) Baku 2016}) 9... Bxa1 10. Bxf8 {The position is equal.} Qxf8 11. Qxa1 Nbd7 12. Ne5 Rd8 13. Rc1 c5 14. Nxd7 Rxd7 15. dxc5 Qxc5 16. cxd5 Qe7 17. Qe5 Bxd5 18. Bxd5 Rxd5 19. Rc8+ Rd8 20. Qb8 Rxc8 21. Qxc8+ Ne8 22. Nc4 Kf8 23. e4 Qc7 24. Qa8 Ke7 25. a4 f6 26. h4 h5 27. Ne3 Nd6 (27... Kf7 $11) 28. e5 (28. Qh8 $16) 28... Nf7 (28... fxe5 $11 {remains equal.} 29. Qh8 Qc1+ 30. Kg2 Qc6+ 31. Kh2 Qf3 32. Qxg7+ Qf7 33. Qxf7+ (33. Qxe5 Qxf2+ 34. Ng2 Nf5 $11) 33... Kxf7) 29. exf6+ $16 gxf6 30. Qf3 Qc1+ 31. Kh2 {Strongly threatening Qb7+.} Ne5 32. Qxh5 {White wants to play Qh7+.} Qe1 $2 {[#]} (32... Qc6 $1 $11) 33. Kg2 $36 {[%mdl 2048] White is really pushing.} (33. Qh7+ $18 Kf8 34. Qh8+ (34. Qxa7 Qxf2+ 35. Ng2 Qf1 $17) 34... Kf7 35. Qh7+ Kf8 36. Qh8+ (36. Qxa7 Qxf2+ 37. Ng2 Qf1 $17) 36... Kf7 37. Kg2) 33... Qb4 (33... Qb1 $16) 34. Qh7+ $18 Kf8 35. Qc2 (35. Qxa7 Qe4+ 36. Kg1 Nf3+ 37. Kf1 Nd4 $11) (35. Qh8+ $18 Ke7 36. Qh7+ Nf7 37. h5) 35... Qe7 (35... Qd4 $16 36. Qh7 Qd6) 36. Qe4 Kg7 $2 {[#]} (36... Nf7 37. g4 Nd8) 37. f4 {White is clearly winning.} Ng6 38. h5 f5 39. Qd4+ {Precision: White = 43%, Black = 40%.} 1-0

[Event "68th RUS-ch Women Superfinal 2018"]
[Site "Satka"]
[Date "2018.09.05"]
[Round "13"]
[White "Girya, Olga"]
[Black "Pogonina, Natalija"]
[Result "1/2-1/2"]
[WhiteElo "2455"]
[BlackElo "2433"]
[Annotator "TA"]
[PlyCount "101"]
[EventDate "2018.08.25"]
[EventType "tourn"]
[EventCountry "RUS"]
[SourceTitle "playchess.com"]
[Source "ChessBase"]
[SourceQuality "1"]

{[%evp 18,101,17,12,10,16,20,26,20,21,25,29,50,51,46,43,64,65,65,50,64,50,55,55,51,35,44,40,42,50,45,5,0,0,0,0,0,-5,0,0,0,0,1,0,0,0,0,0,0,0,0,0,0,0,32,0,0,0,0,0,0,0,-13,-6,0,0,0,0,0,-83,-34,-201,-195,-191,-195,-869,-844,-827,-818,-665,-710,-639,0,0,0,-593]} 1. d4 d5 2. c4 e6 3. Nf3 Nf6 4. Nc3 Nbd7 5. Bg5 Be7 6. e3 h6 7. Bh4 O-O 8. Rc1 c5 {D63: Queen's Gambit Declined: Classical: 7 Rc1} 9. dxc5 dxc4 10. c6 {LiveBook: 9 Games} Nb6 11. Qxd8 Rxd8 12. Ne5 Bb4 $146 ({Predecessor:} 12... g5 13. Bg3 Nh5 14. c7 Re8 15. Nxc4 Nxc4 16. Bxc4 Nxg3 17. hxg3 {1-0 (30) Nabaty,T (2649)-Boruchovsky,A (2542) Budapest 2017}) 13. Ng4 Be7 14. Nxf6+ Bxf6 15. Bxf6 gxf6 16. Ne4 Kg7 17. Bxc4 bxc6 18. Be2 e5 19. Nc5 f5 20. Rc2 Nd5 21. a3 f4 22. Rd2 {[#] Black must now prevent e4.} Be6 23. Nxe6+ fxe6 24. e4 Ne7 25. Rc2 Rab8 26. g3 Kf6 27. Rg1 Rd4 28. f3 a5 29. Kf2 Rb3 30. gxf4 exf4 31. Rg4 Ng6 32. h4 h5 33. Rg5 Ne5 34. Rxh5 Nd3+ 35. Kf1 {[#] Threatens to win with Rh6+.} c5 36. Rh8 c4 37. Rf8+ Kg7 38. Re8 Kf7 39. Ra8 Nxb2 40. Rxa5 Nd1 41. Bxd1 $1 Rxd1+ $11 {[%mdl 4096] Endgame KRR-KRR} 42. Kg2 Rdd3 43. Ra7+ (43. Rxc4 $11 {remains equal.} Rxf3 44. Rg5) 43... Kf6 $17 44. h5 $2 (44. Rf2 $1 $15) 44... Rxf3 $19 45. h6 Rh3 {Hoping for ...Rbg3+.} ({Avoid the trap} 45... Rxa3 $2 46. h7 $18) 46. h7 $2 (46. e5+ Kxe5 47. Rxc4) 46... Rbg3+ 47. Kf2 Rh2+ 48. Kf1 Rh1+ 49. Kf2 Rh2+ $2 (49... Rgh3 $19 {( -> ...R1h2+)} 50. Rxc4 R1h2+ 51. Kg1 f3 52. e5+ Kxe5 53. Ra5+ Kd6 54. Ra6+ Kd5) 50. Kf1 $11 Rh1+ $2 {[%mdl 8192]} (50... Rgh3 $11 51. Rxh2 Rxh2) 51. Kf2 {[%mdl 32768] Precision: White = 57%, Black = 76%. . An unexpected result.} 1/2-1/2